Normal view
MARC view
- تأليف الدغمي ،ناصر علي ناصر
Entry Personal Name
001 - CONTROL NUMBER
- control field: 7970
003 - CONTROL NUMBER IDENTIFIER
- control field: JO-AjAnu
005 - DATE AND TIME OF LATEST TRANSACTION
- control field: 20230606071604.0
008 - FIXED-LENGTH DATA ELEMENTS
- fixed length control field: 230606|| aca||aabn | a|a d
040 ## - CATALOGING SOURCE
- Original cataloging agency: JO-AjAnu
- Transcribing agency: JO-AjAnu
100 ## - HEADING--PERSONAL NAME
- Personal name: تأليف الدغمي ،ناصر علي ناصر
670 ## - SOURCE DATA FOUND
- Source citation: Work cat.: (JO-AjAnu)4116: تأليف الدغمي ،ناصر علي ناصر , author, السلامة والصحة المهنية والوقاية من المخاطر المهنية